| 000 | 00912cad a22001935a 4500 | ||
|---|---|---|---|
| 001 | L152275 | ||
| 008 | 110215e2011 xxk 000 0 eng d | ||
| 035 | _a(Sirsi) u152275 | ||
| 041 | 0 | _aeng | |
| 245 | 0 | 0 |
_aWomen in housing _h[electronic resource] |
| 260 | _c2011 | ||
| 490 |
_aInside Housing _v11 February 2011 |
||
| 520 | _aProfiles 25 of the most influential women in housing, looks at how women have cracked the glass ceiling in the social housing sector, assesses how female employees in the social housing sector will be affected by the spending cuts. Concludes with a look at a women-only housing scheme. | ||
| 590 | _aKA NTK | ||
| 651 | 4 |
_aUnited Kingdom _y |
|
| 690 | _aMANAGEMENT-BUSINESS MANAGEMENT-PROFESSIONAL PRACTICE | ||
| 856 | 4 | 0 |
_uhttps://www.insidehousing.co.uk/analysis/supplements/women-in-housing/6513645.article _zView this item free of charge at www.insidehousing.co.uk |
| 942 | _n0 | ||
| 999 |
_c82929 _d82929 |
||